| Record ID | ia:neuralengineerin0000unse |
| Source | Internet Archive |
| Download MARC XML | https://archive.org/download/neuralengineerin0000unse/neuralengineerin0000unse_marc.xml |
| Download MARC binary | https://www.archive.org/download/neuralengineerin0000unse/neuralengineerin0000unse_meta.mrc |
LEADER: 00862cam a22002654a 4500
001 2004049813
003 DLC
005 20081105085402.0
008 040511s2005 nyua b 001 0 eng
010 $a 2004049813
020 $a0306486091
040 $aDLC$cDLC$dDLC
042 $apcc
050 00 $aR856.A2$bN47 2005
082 00 $a610/.28$222
245 00 $aNeural engineering /$cedited by Bin He.
260 $aNew York :$bKluwer Academic/Plenum,$c2005.
300 $axv, 488 p. ;$bill. ;$c26 cm. +$e1 CD-ROM (4 3/4 in.)
440 0 $aBioelectric engineering ;$vv. 3
504 $aIncludes bibliographical references and index.
650 0 $aBiomedical engineering$vCongresses.
650 0 $aNeural networks (Neurobiology)$vCongresses.
650 0 $aSensory stimulation$vCongresses.
650 0 $aImaging systems in medicine$vCongresses.
700 1 $aHe, Bin,$d1957-